Normal view
MARC view
Entry Personal Name
001 - CONTROL NUMBER
- control field: 23606
003 - CONTROL NUMBER IDENTIFIER
- control field: OSt
005 - DATE AND TIME OF LATEST TRANSACTION
- control field: 20211220162252.0
008 - FIXED-LENGTH DATA ELEMENTS
- fixed length control field: 211220|| aca||aabn | a|a d
040 ## - CATALOGING SOURCE
- Original cataloging agency: OSt
- Transcribing agency: OSt
100 ## - HEADING--PERSONAL NAME
- Personal name: Sinha P C
670 ## - SOURCE DATA FOUND
- Source citation: Work cat.: (OSt)22977: Sinha P C, Disaster management process, 2007.